[Event "IX American Continental Classical Championship 201"]
[Site "Hotel Pipa AtlÃ¢ntico - Praia da Pipa - Rio Grande"]
[Date "2014.10.22"]
[Round "6"]
[Board "2"]
[White "Kaidanov, Gregory S"]
[Black "Felgaer, Ruben"]
[Result "1/2-1/2"]
[WhiteElo "2569"]
[BlackElo "2577"]
[PlyCount "63"]
[EventDate "2014.10.18"]
[EventRounds "11"]
[EventCountry "BRA"]

1. Nf3 c5 2. c4 g6 3. d4 cxd4 4. Nxd4 Bg7 5. e4 Nc6 6. Be3 Nf6 7. Nc3 O-O 8.
Be2 d6 9. O-O Nxd4 10. Bxd4 Bd7 11. b4 a5 12. a3 Be6 13. e5 dxe5 14. Bxe5 axb4
15. axb4 Qxd1 16. Rfxd1 Rxa1 17. Rxa1 Rc8 18. c5 Nd5 19. Nxd5 Bxd5 20. Bxg7
Kxg7 21. f4 Kf6 22. Kf2 e5 23. Rd1 Ke6 24. fxe5 Kxe5 25. Bf3 Bxf3 26. gxf3 b6
27. cxb6 Rb8 28. Ke3 Rxb6 29. Rd4 g5 30. Rc4 Rb5 31. h4 h6 32. hxg5 1/2-1/2

[Event "IX American Continental Classical Championship 201"]
[Site "Hotel Pipa AtlÃ¢ntico - Praia da Pipa - Rio Grande"]
[Date "2014.10.22"]
[Round "6"]
[Board "5"]
[White "Granda Zuniga, Julio E"]
[Black "Barbosa, Evandro Amorim"]
[Result "1-0"]
[WhiteElo "2674"]
[BlackElo "2449"]
[PlyCount "75"]
[EventDate "2014.10.18"]
[EventRounds "11"]
[EventCountry "BRA"]

1. g3 c5 2. Bg2 Nc6 3. c4 g6 4. e4 Bg7 5. Ne2 Nf6 6. Nbc3 O-O 7. d3 d6 8. O-O
a6 9. h3 Rb8 10. a4 Ne8 11. Be3 Nc7 12. d4 cxd4 13. Nxd4 Ne6 14. Nde2 Nc5 15.
b3 f5 16. exf5 Bxf5 17. g4 Be6 18. Rb1 a5 19. Nd5 Bf7 20. Qd2 Kh8 21. Nec3 Bg8
22. Nb5 Ne5 23. Qe2 Bxd5 24. cxd5 Ned3 25. f4 Qd7 26. Rbd1 Nb4 27. Bd4 Rbe8 28.
Bxg7+ Kxg7 29. f5 gxf5 30. gxf5 Kh8 31. Nd4 Rg8 32. Ne6 Nxe6 33. fxe6 Qd8 34.
Rf7 Rg7 35. Qb2 Reg8 36. Kh1 Qc7 37. Rc1 Qd8 38. Be4 1-0

[Event "IX American Continental Classical Championship 201"]
[Site "Hotel Pipa AtlÃ¢ntico - Praia da Pipa - Rio Grande"]
[Date "2014.10.22"]
[Round "6"]
[Board "6"]
[White "Martinez Alcantara, Jose Eduar"]
[Black "Shankland, Samuel L"]
[Result "1/2-1/2"]
[WhiteElo "2440"]
[BlackElo "2633"]
[PlyCount "124"]
[EventDate "2014.10.18"]
[EventRounds "11"]
[EventCountry "BRA"]

1. c4 g6 2. Nc3 c5 3. Nf3 Bg7 4. g3 Nc6 5. Bg2 d6 6. O-O e6 7. e3 Nge7 8. d4
O-O 9. b3 e5 10. dxe5 dxe5 11. Ba3 Qa5 12. Na4 b6 13. Ng5 h6 14. Ne4 Rd8 15.
Qc2 f5 16. Nec3 e4 17. Rad1 Be6 18. Nb5 Rxd1 19. Rxd1 Rd8 20. Rxd8+ Nxd8 21.
Qd1 Ndc6 22. Nc7 Bf7 23. Bc1 Bc3 24. f3 Be5 25. Bd2 Nb4 26. Nb5 a6 27. Bc3 Nec6
28. Nd6 b5 29. Nxf7 Kxf7 30. Qd7+ Ne7 31. Bxe5 Nbd5 32. Nc3 Nxc3 33. Qd2 b4 34.
fxe4 Nxe4 35. Bxe4 fxe4 36. Qf2+ Ke8 37. Qf6 Qxa2 38. Bd6 Nc8 39. Qxg6+ Kd7 40.
Be5 Ne7 41. Qd6+ Ke8 42. Bf6 Ng8 43. Qe6+ Kf8 44. Qf5 Qb1+ 45. Kg2 Nxf6 46.
Qxf6+ Ke8 47. Qe6+ Kd8 48. Qd6+ Ke8 49. Qc6+ Kf7 50. Qd7+ Kf8 51. Qf5+ Ke8 52.
Qe5+ Kd7 53. Qd5+ Ke8 54. Qa8+ Ke7 55. Qa7+ Ke8 56. Qxc5 Qxb3 57. Qc6+ Kf7 58.
Qd7+ Kf6 59. Qd6+ Kf7 60. Qf4+ Kg7 61. Qe5+ Kf7 62. Qf5+ Kg7 1/2-1/2

[Event "IX American Continental Classical Championship 201"]
[Site "Hotel Pipa AtlÃ¢ntico - Praia da Pipa - Rio Grande"]
[Date "2014.10.22"]
[Round "6"]
[Board "7"]
[White "Leiva, Giuseppe"]
[Black "Ortiz Suarez, Isan Reynaldo"]
[Result "0-1"]
[WhiteElo "2409"]
[BlackElo "2611"]
[PlyCount "69"]
[EventDate "2014.10.18"]
[EventRounds "11"]
[EventCountry "BRA"]

1. d4 Nf6 2. Nf3 e6 3. e3 b6 4. Bd3 Bb7 5. O-O g6 6. c4 Bg7 7. Nc3 O-O 8. e4 d6
9. Re1 h6 10. d5 e5 11. b4 a5 12. bxa5 Rxa5 13. Nd2 Ra8 14. Nb3 Na6 15. a4 Nd7
16. a5 Nac5 17. Be3 f5 18. Nxc5 Nxc5 19. Bxc5 bxc5 20. Ra3 Ba6 21. Nb5 Rf7 22.
Qb1 Qf6 23. Re2 h5 24. Rb2 f4 25. Be2 Kh7 26. Rab3 Qd8 27. Na3 Rf8 28. Bd1 Bc8
29. Rb8 Rxa5 30. Nb5 f3 31. Bxf3 Rxf3 32. gxf3 Qg5+ 33. Kf1 Bh3+ 34. Ke2 Bg2
35. Rb3 {resto ilegÃ­vel} 0-1

[Event "IX American Continental Classical Championship 201"]
[Site "Hotel Pipa AtlÃ¢ntico - Praia da Pipa - Rio Grande"]
[Date "2014.10.22"]
[Round "6"]
[Board "8"]
[White "Santiago, Yago De Moura"]
[Black "Cruz, Cristhian"]
[Result "1-0"]
[WhiteElo "2397"]
[BlackElo "2557"]
[PlyCount "141"]
[EventDate "2014.10.18"]
[EventRounds "11"]
[EventCountry "BRA"]

1. e4 c5 2. Nf3 d6 3. d4 Nf6 4. Nc3 cxd4 5. Nxd4 a6 6. Bc4 e6 7. O-O Be7 8. Be3
O-O 9. f4 b5 10. Bb3 b4 11. Na4 Bb7 12. e5 Nd5 13. Bxd5 Bxd5 14. Nf5 Nd7 15.
Nxd6 Bxd6 16. exd6 Qb8 17. c3 bxc3 18. Nxc3 Qxd6 19. Nxd5 exd5 20. Rc1 Rfe8 21.
Rc3 Nf6 22. Bd4 Ne4 23. Rc2 f6 24. g3 Re7 25. Qd3 Qd7 26. Rfc1 h5 27. Bb6 Qf5
28. Rc5 Rd7 29. Rc8+ Rxc8 30. Rxc8+ Kh7 31. Qxa6 Re7 32. Rc1 Nd2 33. Qc8 Re1+
34. Kf2 Re6 35. Be3 Qh3 36. Qc2+ Ne4+ 37. Kg1 h4 38. Qg2 Qxg2+ 39. Kxg2 Nxg3
40. Bf2 Nf5 41. Kf3 g5 42. a4 Re4 43. Ra1 Rxf4+ 44. Kg2 Nd6 45. a5 Rb4 46. a6
Nb5 47. a7 Nxa7 48. Rxa7+ Kg6 49. Ra2 f5 50. Ra6+ Kh5 51. Rb6 Rc4 52. Rd6 Rc2
53. Rxd5 Rxb2 54. Rxf5 Rb3 55. h3 Ra3 56. Re5 Ra8 57. Be3 Rg8 58. Kf3 Rf8+ 59.
Ke4 Rg8 60. Bd2 Rg7 61. Kf5 Rg8 62. Kf6 Rg6+ 63. Kf7 Rg7+ 64. Kf8 Rg6 65. Rf5
Rg7 66. Be3 Rg6 67. Rf7 Re6 68. Rh7+ Rh6 69. Re7 Rf6+ 70. Kg7 Rh6 71. Re8 1-0

[Event "IX American Continental Classical Championship 201"]
[Site "Hotel Pipa AtlÃ¢ntico - Praia da Pipa - Rio Grande"]
[Date "2014.10.22"]
[Round "6"]
[Board "9"]
[White "Castro, Oscar H."]
[Black "Perez Ponsa, Federico"]
[Result "0-1"]
[WhiteElo "2359"]
[BlackElo "2536"]
[PlyCount "64"]
[EventDate "2014.10.18"]
[EventRounds "11"]
[EventCountry "BRA"]

1. e4 c5 2. g3 d5 3. exd5 Qxd5 4. Qf3 Qd8 5. Bg2 Nf6 6. Ne2 Nc6 7. O-O Bg4 8.
Qe3 e6 9. h3 Bf5 10. d3 Rc8 11. b3 Nd4 12. Na3 Qd7 13. g4 Bg6 14. Nf4 Bd6 15.
Re1 O-O 16. Bb2 Qc7 17. Ne2 Rfd8 18. Rad1 h5 19. c3 Nxe2+ 20. Qxe2 Bh2+ 21. Kh1
hxg4 22. hxg4 Bf4 23. Nb5 Qe7 24. Qf3 Nd5 25. c4 Qh4+ 26. Bh3 Nb4 27. d4 a6 28.
Na3 cxd4 29. Bxd4 e5 30. Bb6 Rd3 31. Rxd3 Nxd3 32. Rf1 Be4 0-1

[Event "IX American Continental Classical Championship 201"]
[Site "Hotel Pipa AtlÃ¢ntico - Praia da Pipa - Rio Grande"]
[Date "2014.10.22"]
[Round "6"]
[Board "10"]
[White "Hernandez Guerrero, Gilberto"]
[Black "Krysa, Leandro"]
[Result "1-0"]
[WhiteElo "2531"]
[BlackElo "2446"]
[PlyCount "81"]
[EventDate "2014.10.18"]
[EventRounds "11"]
[EventCountry "BRA"]

1. d4 Nf6 2. Bg5 d5 3. Bxf6 exf6 4. e3 c5 5. dxc5 Bxc5 6. c3 Nc6 7. Nd2 O-O 8.
Nb3 Bb6 9. Nf3 Qd6 10. Be2 Rd8 11. Nbd4 a6 12. O-O Bc7 13. Re1 Bg4 14. g3 Bh3
15. Qc2 g6 16. Bf1 Bxf1 17. Kxf1 f5 18. Kg2 Na5 19. Rad1 Qe7 20. b3 Rac8 21.
Rd2 Bd6 22. Red1 Bb8 23. Ne2 Nc6 24. Qb1 Qc5 25. Rd3 b5 26. R1d2 a5 27. Qd1 Ne7
28. b4 axb4 29. cxb4 Qxb4 30. Rb3 Qa5 31. Rdb2 Rc5 32. Qd4 Ba7 33. Qf6 Nc6 34.
Ned4 Rc8 35. Ng5 Qc7 36. Nxb5 Qd7 37. Nxf7 Qxf7 38. Qxf7+ Kxf7 39. Nd6+ Ke6 40.
Nxc8 Ne5 41. Nxa7 1-0

[Event "IX American Continental Classical Championship 201"]
[Site "Hotel Pipa AtlÃ¢ntico - Praia da Pipa - Rio Grande"]
[Date "2014.10.22"]
[Round "6"]
[Board "12"]
[White "Alonso, Salvador"]
[Black "Ruiz C, Joshua D"]
[Result "1-0"]
[WhiteElo "2505"]
[BlackElo "2396"]
[PlyCount "101"]
[EventDate "2014.10.18"]
[EventRounds "11"]
[EventCountry "BRA"]

1. e4 c5 2. Nf3 d6 3. d4 cxd4 4. Nxd4 Nf6 5. Nc3 g6 6. Be3 Bg7 7. f3 O-O 8. Qd2
Nc6 9. g4 Be6 10. O-O-O Nxd4 11. Bxd4 Qa5 12. a3 Rfc8 13. h4 Rab8 14. h5 b5 15.
h6 Bh8 16. Nd5 Qxd2+ 17. Rxd2 Nxd5 18. exd5 Bxd5 19. Bxh8 Bxf3 20. Rh3 Bxg4 21.
Rg3 Bd7 22. Bd4 Rc7 23. Re3 Bf5 24. Bc3 Kf8 25. Rd5 a6 26. Bg7+ Ke8 27. Rxf5
gxf5 28. Bh3 f4 29. Rf3 e6 30. Rxf4 f5 31. Bf1 Kd7 32. Bd3 Kc6 33. a4 Kd5 34.
Kd2 Rbb7 35. axb5 axb5 36. b4 Kc6 37. Rf1 Ra7 38. Re1 Re7 39. Bf6 Re8 40. Bd4
Raa8 41. Bg7 Rab8 42. Ke3 Kd7 43. Kf4 Rb7 44. Kg5 d5 45. Kf6 Rb6 46. Ke5 Ke7
47. Ra1 Kf7 48. Be2 Reb8 49. Bh5+ Ke7 50. Bf6+ Kd7 51. Bf7 1-0

[Event "IX American Continental Classical Championship 201"]
[Site "Hotel Pipa AtlÃ¢ntico - Praia da Pipa - Rio Grande"]
[Date "2014.10.22"]
[Round "6"]
[Board "13"]
[White "Matsuura, Everaldo"]
[Black "Quintiliano Pinto, Renato R."]
[Result "1/2-1/2"]
[WhiteElo "2486"]
[BlackElo "2378"]
[PlyCount "78"]
[EventDate "2014.10.18"]
[EventRounds "11"]
[EventCountry "BRA"]

1. d4 d5 2. Nc3 Nf6 3. Bf4 e6 4. e3 Be7 5. h3 a6 6. Nf3 O-O 7. Bd3 b5 8. a3 Bb7
9. b4 Nbd7 10. O-O Bd6 11. Ne2 Ne4 12. Ne5 f6 13. Nxd7 Qxd7 14. c3 a5 15. f3
Bxf4 16. Nxf4 Nd6 17. Qc2 g6 18. Be2 Nc4 19. Bxc4 dxc4 20. e4 f5 21. exf5 Rxf5
22. Ne2 e5 23. Ng3 Rg5 24. Ne4 Bxe4 25. Qxe4 Re8 26. Rae1 axb4 27. h4 Rf5 28.
axb4 Kf8 29. Rd1 exd4 30. Rxd4 Rxe4 31. Rxd7 Re3 32. Rxc7 Rxc3 33. Ra1 Rf7 34.
Ra8+ Kg7 35. Rxf7+ Kxf7 36. Rb8 Rb3 37. Rxb5 c3 38. Rc5 Rxb4 39. Rxc3 Rxh4
 1/2-1/2

[Event "IX American Continental Classical Championship 201"]
[Site "Hotel Pipa AtlÃ¢ntico - Praia da Pipa - Rio Grande"]
[Date "2014.10.22"]
[Round "6"]
[Board "14"]
[White "Macedo, Maximo Iack"]
[Black "Gonzalez Acosta, Bernal"]
[Result "0-1"]
[WhiteElo "2336"]
[BlackElo "2478"]
[PlyCount "50"]
[EventDate "2014.10.18"]
[EventRounds "11"]
[EventCountry "BRA"]

1. d4 Nf6 2. c4 c5 3. d5 b5 4. cxb5 a6 5. bxa6 g6 6. Nc3 Bxa6 7. Nf3 Bg7 8. e4
Bxf1 9. Kxf1 d6 10. g3 O-O 11. Kg2 Nbd7 12. Re1 Ng4 13. Qc2 Qa5 14. Bd2 c4 15.
a4 Qb6 16. Re2 Nc5 17. h3 Ne5 18. Nxe5 Bxe5 19. Be3 Qb4 20. Ra3 Nd3 21. Bc1
Rfb8 22. Kh2 Rb7 23. Na2 Qc5 24. Be3 Qc8 25. b3 Bb2 0-1

[Event "IX American Continental Classical Championship 201"]
[Site "Hotel Pipa AtlÃ¢ntico - Praia da Pipa - Rio Grande"]
[Date "2014.10.22"]
[Round "6"]
[Board "15"]
[White "Abdalla, Luiz Guilherme Aurell"]
[Black "Bachmann, Axel"]
[Result "0-1"]
[WhiteElo "2302"]
[BlackElo "2645"]
[PlyCount "78"]
[EventDate "2014.10.18"]
[EventRounds "11"]
[EventCountry "BRA"]

1. d4 Nf6 2. c4 e6 3. Nf3 Bb4+ 4. Nbd2 O-O 5. a3 Be7 6. e4 d6 7. Be2 Nbd7 8.
O-O c5 9. b4 cxd4 10. Nxd4 Qc7 11. Bb2 b6 12. f4 a6 13. Bf3 Bb7 14. Qe1 g6 15.
Qg3 Ne8 16. f5 Ng7 17. fxe6 fxe6 18. Qh3 e5 19. Bg4 Nf6 20. Ne6 Nxe6 21. Bxe6+
Kg7 22. Qd3 a5 23. Rae1 h6 24. Nb1 axb4 25. axb4 b5 26. Nc3 bxc4 27. Qxc4 Qxc4
28. Bxc4 Bd8 29. Nd5 Rc8 30. Bb3 Bxd5 31. exd5 Bb6+ 32. Kh1 Ne4 33. Rxf8 Rxf8
34. h3 Rf4 35. Ba3 Nc3 36. Bb2 Rxb4 37. Bxc3 Rxb3 38. Rc1 Be3 39. Rc2 Rb5 0-1

[Event "IX American Continental Classical Championship 201"]
[Site "Hotel Pipa AtlÃ¢ntico - Praia da Pipa - Rio Grande"]
[Date "2014.10.22"]
[Round "6"]
[Board "16"]
[White "Cuellar, Diego"]
[Black "Pichot, Alan"]
[Result "1-0"]
[WhiteElo "2302"]
[BlackElo "2473"]
[PlyCount "161"]
[EventDate "2014.10.18"]
[EventRounds "11"]
[EventCountry "BRA"]

1. e4 c5 2. Nc3 e6 3. f4 a6 4. Nf3 b5 5. d3 Bb7 6. g4 b4 7. Na4 d5 8. exd5 Bxd5
9. Bg2 Nf6 10. g5 Nfd7 11. Nh4 Bxg2 12. Nxg2 Nc6 13. Be3 Bd6 14. Qf3 Ne7 15. b3
Nf5 16. Nb2 O-O 17. Nc4 Nb6 18. Qf2 Rc8 19. a3 Nd5 20. axb4 cxb4 21. Rxa6 Ndxe3
22. Ngxe3 Bc5 23. Ra2 Qd4 24. Ke2 Ra8 25. Rxa8 Rxa8 26. Qf3 Ra2 27. Nxf5 exf5
28. Rc1 Ra7 29. Qg3 Re7+ 30. Kf1 Qc3 31. Qf3 g6 32. Qd5 Qd4 33. Qxd4 Bxd4 34.
h3 h6 35. gxh6 Kh7 36. Re1 Ra7 37. Ne5 Rc7 38. Nf3 Bb2 39. Re2 Bc1 40. Ng5+
Kxh6 41. Rf2 Rd7 42. Kg2 f6 43. Ne6 Rd6 44. Re2 g5 45. Kf3 Kg6 46. fxg5 fxg5
47. Nc5 Rd4 48. Kg2 Rh4 49. Re6+ Kf7 50. Re5 Kf6 51. Nd7+ Kg6 52. Re6+ Kf7 53.
Rb6 Be3 54. Ne5+ Kg7 55. Rg6+ Kh7 56. Re6 Bc1 57. Nf3 Rh5 58. Rb6 g4 59. hxg4
fxg4 60. Nh2 Rc5 61. Nxg4 Rxc2+ 62. Kf3 Ba3 63. Nf6+ Kg7 64. Ne4 Kf7 65. d4 Rc1
66. Nc5 Bb2 67. Ke4 Bc3 68. Rb7+ Kf6 69. Kd5 Rd1 70. Ne4+ Kf5 71. Nxc3 bxc3 72.
Rf7+ Kg4 73. Rc7 Rc1 74. Ke4 c2 75. Kd3 Rd1+ 76. Kxc2 Rxd4 77. Rc4 Rxc4+ 78.
bxc4 Kf5 79. Kb3 Ke6 80. Kb4 Kd7 81. Kb5 1-0

[Event "IX American Continental Classical Championship 201"]
[Site "Hotel Pipa AtlÃ¢ntico - Praia da Pipa - Rio Grande"]
[Date "2014.10.22"]
[Round "6"]
[Board "17"]
[White "Henriquez Villagra, Cristobal"]
[Black "Llorens Sepulveda, Marcelo"]
[Result "1/2-1/2"]
[WhiteElo "2470"]
[BlackElo "2275"]
[PlyCount "93"]
[EventDate "2014.10.18"]
[EventRounds "11"]
[EventCountry "BRA"]

1. d4 Nf6 2. c4 e5 3. dxe5 Ng4 4. Nc3 Nxe5 5. e3 Nbc6 6. a3 a5 7. Be2 Bc5 8.
Nf3 O-O 9. O-O Re8 10. Nd4 d6 11. Nd5 Ne7 12. b3 c6 13. Nxe7+ Qxe7 14. Bb2 Bb6
15. Re1 Qh4 16. Nf3 Qh6 17. Bd4 Bc7 18. Nxe5 dxe5 19. Bc3 Bf5 20. Ra2 e4 21. g3
Qg5 22. Rd2 Rad8 23. Rxd8 Rxd8 24. Qc2 h5 25. Rd1 Rxd1+ 26. Qxd1 h4 27. Be1 f6
28. Qd4 Be5 29. Qd8+ Kh7 30. Qxa5 Bg4 31. Qd2 Bc3 32. Qd1 Bxe2 33. Qxe2 Bxe1
34. Qxe1 h3 35. Qd1 Qf5 36. b4 Kh6 37. a4 g5 38. b5 cxb5 39. axb5 g4 40. Qd6
Kg6 41. Qd1 Qe6 42. c5 Kg7 43. c6 bxc6 44. b6 Qa2 45. b7 Qb2 46. Qd7+ Kf8 47.
Kf1 1/2-1/2

[Event "IX American Continental Classical Championship 201"]
[Site "Hotel Pipa AtlÃ¢ntico - Praia da Pipa - Rio Grande"]
[Date "2014.10.22"]
[Round "6"]
[Board "18"]
[White "Silveira Filho, Neri Da Silva"]
[Black "Terry, Renato"]
[Result "0-1"]
[WhiteElo "2200"]
[BlackElo "2454"]
[PlyCount "56"]
[EventDate "2014.10.18"]
[EventRounds "11"]
[EventCountry "BRA"]

1. d4 e6 2. Nf3 Nf6 3. Bg5 h6 4. Bh4 d6 5. Nc3 g5 6. Bg3 Nh5 7. e3 Bg7 8. Bc4
Nd7 9. Qe2 a6 10. O-O Qe7 11. a4 Nxg3 12. fxg3 d5 13. Bd3 c5 14. Qf2 f5 15. a5
Qf6 16. Na4 g4 17. Ne5 Nxe5 18. dxe5 Qxe5 19. Nxc5 Qxb2 20. Rab1 Qa3 21. e4
dxe4 22. Bxe4 Qc3 23. Rbd1 O-O 24. Bxb7 Bxb7 25. Nxb7 Rac8 26. Rd7 Rf7 27. Rfd1
Rxd7 28. Rxd7 Qa1+ 0-1

[Event "IX American Continental Classical Championship 201"]
[Site "Hotel Pipa AtlÃ¢ntico - Praia da Pipa - Rio Grande"]
[Date "2014.10.22"]
[Round "6"]
[Board "19"]
[White "Abdalla, Jose Lucas Aurelli"]
[Black "Paveto, Kevin"]
[Result "0-1"]
[WhiteElo "2100"]
[BlackElo "2426"]
[PlyCount "58"]
[EventDate "2014.10.18"]
[EventRounds "11"]
[EventCountry "BRA"]

1. e4 e5 2. Nf3 Nc6 3. Nc3 g6 4. Bc4 Bg7 5. d3 Na5 6. Bg5 f6 7. Be3 Ne7 8. Qd2
d6 9. h4 h5 10. Ng1 c6 11. a4 d5 12. exd5 cxd5 13. Bb5+ Nac6 14. Bc5 O-O 15.
Nge2 Be6 16. a5 Rf7 17. a6 b6 18. Ba3 Rc8 19. Ng3 f5 20. Bxc6 Nxc6 21. Nb5 Rd7
22. f4 Bh6 23. Ne2 d4 24. Qd1 Rd5 25. Nd6 Rxd6 26. Bxd6 Qxd6 27. O-O Nb4 28.
Rc1 Nd5 29. Qe1 Nxf4 0-1

[Event "IX American Continental Classical Championship 201"]
[Site "Hotel Pipa AtlÃ¢ntico - Praia da Pipa - Rio Grande"]
[Date "2014.10.22"]
[Round "6"]
[Board "20"]
[White "Parente, Renan Braz"]
[Black "Cori T., Deysi"]
[Result "0-1"]
[WhiteElo "2071"]
[BlackElo "2411"]
[PlyCount "62"]
[EventDate "2014.10.18"]
[EventRounds "11"]
[EventCountry "BRA"]

1. e4 e6 2. d3 d5 3. Nd2 Nc6 4. Ngf3 Nge7 5. c3 Ng6 6. Qc2 Be7 7. g3 h5 8. h4
f5 9. Bh3 O-O 10. exf5 exf5 11. d4 Rf6 12. Ng5 f4 13. gxf4 Bxh3 14. Rxh3 Qd7
15. Ndf3 Rf5 16. Rg3 Bxg5 17. Rxg5 Rxg5 18. Nxg5 Nce7 19. Be3 Qg4 20. Kd2 Re8
21. Rh1 Nf5 22. Rh2 Rf8 23. c4 c5 24. dxc5 d4 25. Qe4 dxe3+ 26. fxe3 Qg1 27.
Qd5+ Kh8 28. Re2 Ng3 29. Rg2 Nf1+ 30. Ke1 Qxe3+ 31. Re2 Qxe2+ 0-1

[Event "IX American Continental Classical Championship 201"]
[Site "Hotel Pipa AtlÃ¢ntico - Praia da Pipa - Rio Grande"]
[Date "2014.10.22"]
[Round "6"]
[Board "21"]
[White "Roselli Mailhe, Bernardo"]
[Black "Daneri, Martin"]
[Result "1-0"]
[WhiteElo "2404"]
[BlackElo "2099"]
[PlyCount "47"]
[EventDate "2014.10.18"]
[EventRounds "11"]
[EventCountry "BRA"]

1. Nf3 d5 2. d4 c6 3. e3 e6 4. c4 f5 5. Ne5 Nf6 6. Bd3 Bd6 7. f4 O-O 8. O-O Bd7
9. Qb3 b6 10. Nc3 Be8 11. Bd2 Ne4 12. Be1 Kh8 13. Rc1 a6 14. a4 a5 15. cxd5
exd5 16. Ne2 Ra7 17. Rf3 g5 18. Bxe4 fxe4 19. Rf1 gxf4 20. Nxf4 Rg7 21. Bg3 Rf6
22. Bh4 Qe7 23. Bxf6 Qxf6 24. Nfg6+ 1-0

[Event "IX American Continental Classical Championship 201"]
[Site "Hotel Pipa AtlÃ¢ntico - Praia da Pipa - Rio Grande"]
[Date "2014.10.22"]
[Round "6"]
[Board "22"]
[White "Fiora, Emilio"]
[Black "Umetsubo, Cesar Hidemitsu"]
[Result "0-1"]
[WhiteElo "2058"]
[BlackElo "2355"]
[PlyCount "248"]
[EventDate "2014.10.18"]
[EventRounds "11"]
[EventCountry "BRA"]

1. e4 e5 2. Nf3 Nf6 3. Nc3 Nc6 4. Bb5 Bb4 5. O-O O-O 6. d3 d6 7. Bg5 Bxc3 8.
bxc3 Qe7 9. Re1 Nd8 10. d4 Ne6 11. Bc1 c5 12. a4 Rd8 13. Bf1 Qc7 14. d5 Nf8 15.
Bg5 Qe7 16. Nd2 h6 17. Bxf6 Qxf6 18. Qf3 Qxf3 19. Nxf3 g6 20. Nd2 f5 21. Bd3 f4
22. Reb1 Kf7 23. Nc4 Rd7 24. Rb2 g5 25. Be2 Ke7 26. Rab1 Rc7 27. Rd1 Nh7 28.
Nxe5 Nf6 29. f3 Bd7 30. Nc4 Bxa4 31. Ra1 b5 32. Na5 Nd7 33. Nc6+ Kf6 34. Bxb5
Bxb5 35. Rxb5 Ne5 36. Nxe5 Kxe5 37. Kf2 g4 38. Rbb1 Rg7 39. fxg4 Kxe4 40. Rd1
Rxg4 41. Ra4+ Ke5 42. Kf3 h5 43. Re4+ Kf5 44. Re7 Rag8 45. Rf7+ Ke5 46. c4 R8g7
47. Rf8 Rg8 48. Rf7 R8g7 49. Rf8 Rxg2 50. Re8+ Kf5 51. Rf8+ Ke5 52. Re8+ Kf6
53. Rf8+ Ke7 54. Rxf4 Rg1 55. Re4+ Kd7 56. Rxg1 Rxg1 57. Rh4 Rg5 58. Rf4 Ke7
59. Re4+ Re5 60. Rh4 Kf6 61. Rh3 a5 62. Kf4 Rg5 63. Ke4 Rg4+ 64. Kd3 h4 65.
Rf3+ Ke5 66. Re3+ Kf5 67. Re6 Rg6 68. Re4 Rg4 69. Re6 Rg6 70. Re4 Rh6 71. Ke3
Rh8 72. Re6 Rd8 73. Kf3 a4 74. Re3 Rb8 75. h3 Rb4 76. Rc3 Ke5 77. Ke3 a3 78.
Rxa3 Rxc4 79. Kd2 Kxd5 80. Rf3 Ke4 81. Rf6 d5 82. Rg6 Kf3 83. c3 Rf4 84. Rg5
Ke4 85. c4 dxc4 86. Rxc5 Kd4 87. Rh5 c3+ 88. Kd1 Rf3 89. Rh8 Rxh3 90. Rd8+ Ke3
91. Kc2 Kf2 92. Rh8 Kg2 93. Rh7 Kg1 94. Rh8 Kf1 95. Rh7 Ke1 96. Rh8 Ke2 97. Rh7
Kf2 98. Rh8 Kg2 99. Rh7 Kh2 100. Rh8 Kh1 101. Rh7 Kh2 102. Rh8 Kh1 103. Rh7 Kg1
104. Rh8 Kf1 105. Rh7 Ke1 106. Rh8 Ke2 107. Rh7 Rh1 108. Kxc3 h3 109. Kb2 Kf3
110. Rf7+ Kg3 111. Rg7+ Kh2 112. Kc2 Rg1 113. Ra7 Kg2 114. Rg7+ Kf2 115. Rf7+
Ke3 116. Re7+ Kf3 117. Rf7+ Ke2 118. Re7+ Kf1 119. Rf7+ Kg2 120. Rg7+ Kh1 121.
Rh7 h2 122. Kd2 Rg2+ 123. Ke3 Kg1 124. Ra7 h1=Q 0-1

[Event "IX American Continental Classical Championship 201"]
[Site "Hotel Pipa AtlÃ¢ntico - Praia da Pipa - Rio Grande"]
[Date "2014.10.22"]
[Round "6"]
[Board "23"]
[White "Abarca Gonzalez, Nicolas"]
[Black "Brito, Luismar"]
[Result "1/2-1/2"]
[WhiteElo "2328"]
[BlackElo "2261"]
[PlyCount "36"]
[EventDate "2014.10.18"]
[EventRounds "11"]
[EventCountry "BRA"]

1. d4 d5 2. f4 Nf6 3. Nf3 Nbd7 4. e3 g6 5. Bd3 Bg7 6. Nbd2 e6 7. O-O Ng4 8. Qe2
f5 9. Ng5 Ndf6 10. h3 Nh6 11. Ndf3 Nh5 12. Kh2 Qd6 13. Bd2 Nf6 14. c4 c6 15.
Qe1 Ne4 16. Bb4 Qc7 17. Rc1 Bf6 18. Bxe4 Bxg5 {rresto ilegÃ­vel} 1/2-1/2

[Event "IX American Continental Classical Championship 201"]
[Site "Hotel Pipa AtlÃ¢ntico - Praia da Pipa - Rio Grande"]
[Date "2014.10.22"]
[Round "6"]
[Board "24"]
[White "Perez Gormaz, Matias"]
[Black "Araujo, Jose Roberto"]
[Result "1-0"]
[WhiteElo "2327"]
[BlackElo "2205"]
[PlyCount "99"]
[EventDate "2014.10.18"]
[EventRounds "11"]
[EventCountry "BRA"]

1. e4 d6 2. d4 Nf6 3. Nc3 g6 4. Nf3 Bg7 5. Be2 O-O 6. O-O Bg4 7. Be3 Bxf3 8.
Bxf3 e5 9. dxe5 dxe5 10. Qxd8 Rxd8 11. Rfd1 Nc6 12. Nb5 Ne8 13. Be2 a6 14. Nc3
Rxd1+ 15. Rxd1 Rd8 16. Rc1 Nd4 17. Bf1 Bf8 18. Nd5 Ne6 19. Rb1 Bc5 20. Bxc5
Nxc5 21. f3 c6 22. Ne3 Rd2 23. b4 Ne6 24. Rc1 Nd6 25. a4 f6 26. Bd3 Nf4 27. Bf1
Kf8 28. Re1 Ke7 29. Rb1 h5 30. Rb3 Ne2+ 31. Bxe2 Rxe2 32. Kf1 Rd2 33. Ke1 Rd4
34. c3 Rd3 35. Ke2 Rxe3+ 36. Kxe3 Nc4+ 37. Kd3 b5 38. axb5 axb5 39. Rb1 h4 40.
Ra1 g5 41. Ra6 Kd6 42. Ke2 Nb2 43. Ra8 Ke6 44. Ra2 Na4 45. Kd3 Kd6 46. Rxa4
bxa4 47. c4 Kc7 48. Kc3 f5 49. exf5 g4 50. h3 1-0

[Event "IX American Continental Classical Championship 201"]
[Site "Hotel Pipa AtlÃ¢ntico - Praia da Pipa - Rio Grande"]
[Date "2014.10.22"]
[Round "6"]
[Board "25"]
[White "Molina, Roberto Junio Brito"]
[Black "Cortes Orihuela, Javier"]
[Result "1-0"]
[WhiteElo "2425"]
[BlackElo "2156"]
[PlyCount "111"]
[EventDate "2014.10.18"]
[EventRounds "11"]
[EventCountry "BRA"]

1. d4 Nf6 2. c4 g6 3. Nc3 d5 4. cxd5 Nxd5 5. e4 Nxc3 6. bxc3 Bg7 7. Be3 c5 8.
Qd2 Qa5 9. Rc1 cxd4 10. cxd4 Qxd2+ 11. Kxd2 O-O 12. Nf3 Rd8 13. Bd3 Nc6 14. Rc4
f5 15. Rhc1 Be6 16. Ng5 Bc8 17. exf5 Bxf5 18. Bxf5 gxf5 19. Ne6 Rd6 20. Nxg7
Kxg7 21. Rb1 Rd7 22. Ke2 e6 23. g4 Kf7 24. gxf5 exf5 25. d5 Ne5 26. Rh4 Kf6 27.
Rg1 Ng4 28. Bd4+ Kg5 29. Rh3 Kf4 30. Be3+ Ke5 31. Rh5 Nxe3 32. Kxe3 Rxd5 33.
Rxh7 f4+ 34. Ke2 Re8 35. Rgg7 Kf5+ 36. Kf3 Rd3+ 37. Kg2 Ra3 38. Rh5+ Ke4 39.
Rb5 Rxa2 40. Rb4+ Ke5 41. Rbxb7 a5 42. h4 Rh8 43. Rg5+ Ke4 44. Re7+ Kd4 45. h5
a4 46. Rf5 Kd3 47. Kf3 a3 48. Rc7 Rd8 49. Re5 Kd2 50. h6 Rd3+ 51. Kxf4 Rh3 52.
h7 Ra1 53. Re8 Rah1 54. Rd8+ Ke2 55. Rc2+ Kf1 56. Rd1+ 1-0